| 000 | 00974cam a2200289 4500 | ||
|---|---|---|---|
| 001 | 200001201 | ||
| 003 | TR-AnTOB | ||
| 005 | 20250814160529.0 | ||
| 007 | ta | ||
| 008 | 161108s2006 tu 000 0 tur | ||
| 040 |
_aTR-AnTOB _beng _cTR-AnTOB _erda |
||
| 041 | _atur | ||
| 050 |
_aHC415.2 _bK89 2006 |
||
| 090 |
_aHC415.2 _bK89 2006 |
||
| 245 | 0 |
_aKuzey Kıbrıs Türk Cumhuriyeti'nde uygulanan toprak ve mülkiyet politikalarının değerlendirilmesi _cAhmet Zeki Bulunç. |
|
| 264 |
_aAnkara : _bBaşkent Üniversitesi Stratejik Araştırmalar Merkezi _c2006. |
||
| 300 |
_a57 pages : _c20 cm |
||
| 336 |
_2rdacontent _atext |
||
| 337 |
_2rdamedia _aunmediated |
||
| 338 |
_2rdacarrier _avolume |
||
| 651 | 0 |
_aKıbrıs _xTarih _983822 |
|
| 651 | 0 |
_aCyprus _xHistory _962443 |
|
| 700 | 1 |
_aBulunç, Ahmet Zeki, _d1945- _eeditor _945390 |
|
| 710 |
_aBaşkent Üniversitesi. _bStratejik Araştırmalar Merkezi _927366 |
||
| 942 |
_cBK _2lcc |
||
| 999 |
_c200001201 _d14363 |
||